| 000 | 00347nam a2200133Ia 4500 | ||
|---|---|---|---|
| 008 | 240624s9999 xx 000 0 und d | ||
| 041 | _aeng | ||
| 082 | _a658.408 CHA | ||
| 100 | _aCHATTERJEE BHASKAR | ||
| 245 | _aCORPORATE SOCIAL RESPONSIBILITY SOCIAL S | ||
| 260 |
_c2016 _aNew Delhi _bBloomsbury |
||
| 300 | _axiv, 400 p.; 23 cm. | ||
| 365 | _cRS | ||
| 999 |
_c31309 _d31309 |
||